Mystery XI #13 - Statistics

General Stats
  • This quiz has been taken 172 times
  • The average score is 7 of 11
Answer Stats
Answer % Correct
Willi Orban
88%
Andre Silva
87%
Peter Gulacsi
87%
Emil Forsberg
86%
Josko Gvardiol
78%
Cristopher Nkunku
71%
Konrad Laimer
67%
Kevin Kampl
66%
Nordi Mukiele
41%
Mohamed Simakan
39%
Angelino
33%
No matching quizzes found
Score Distribution
Percent of People with Each Score
Percentile by Number Answered
Your Score History
You have not taken this quiz